000 00618nam a2200229 a 4500
001 75353
003 BD-RjUL
005 20211209082657.0
008 190320m1961 enka i 001 0 eng u
035 _a(BD-RjUL) 75571
040 _aORL
_dBD-RjUL
_beng
_cBD-RjUL
041 _aeng
082 _223
_a657
_bROP 1961
100 1 _aRowland, Stanley W.
_9182122
245 0 0 _aPrinciples of accounting /
_cstanley W. Rowland
250 _a7th ed.
260 _aLondon :
_bThe donnington,
_cc1961
300 _axv , 640 p. :
_bill ;
_c24 cm.
500 _aInclude index
650 0 _aAccounting
_9175106
942 _2ddc
_cBK
999 _c75353
_d75353